000
00313 a2200145 4500
001
62678
020
_a
9788502176171
040
_c
Anchieta - Pituba
240
1
0
_a
Jornadas.hist 7º ano
_l
por
245
1
0
_a
Jornadas.hist 7º ano
300
_a
288
362
0
_a
2012
650
4
_a
História do mundo
942
_c
BK
999
_c
62678
_d
62678